| 000 | 00360nam a2200157Ia 4500 | ||
|---|---|---|---|
| 008 | 221030s9999 xx 000 0 und d | ||
| 041 | _aEnglish | ||
| 082 |
_a105.23 _bSmi |
||
| 100 | _aS. P. Smith | ||
| 245 | 0 | _aProblems in Electrical Engineering | |
| 260 |
_bCBS Pub _aDelhi _c1984 |
||
| 300 | _a398 | ||
| 650 | _aEE | ||
| 700 | _aN. N. Smith | ||
| 942 | _cBK | ||
| 999 |
_c1344 _d1344 |
||